Ciencia de la lógica / (Record no. 78766)

MARC details
000 -LEADER
campo de control de longitud fija 00585nam a2200169 i 4500
001 - NÚMERO DE CONTROL
campo de control 78766
003 - IDENTIFICADOR DE NÚMERO DE CONTROL
campo de control ES-MaACL
007 - CAMPO FIJO DE DESCRIPCIÓN FÍSICA--INFORMACIÓN GENERAL
campo de control de longitud fija t|
008 - DATOS DE LONGITUD FIJA--INFORMACIÓN GENERAL
campo de control de longitud fija 041015s1982 ag ||||1| spa d
100 1# - ENTRADA PRINCIPAL--NOMBRE DE PERSONA
Nombre de persona Hegel, Georg Wilhelm Friedrich.
9 (RLIN) 62316
245 10 - MENCIÓN DEL TÍTULO
Título Ciencia de la lógica /
Mención de responsabilidad, etc. G.W.F. Hegel ; traducción directa del alemán de Augusta y Rodolfo Mondolfo ; prólogo de Rodolfo Mondolfo.
260 ## - PUBLICACIÓN, DISTRIBUCIÓN, ETC.
Lugar de publicación, distribución, etc. Buenos Aires :
Nombre del editor, distribuidor, etc. Solar,
Fecha de publicación, distribución, etc. [1928]
300 ## - DESCRIPCIÓN FÍSICA
Extensión 2 v. ;
Dimensiones 20 cm.
700 1# - ENTRADA AGREGADA--NOMBRE PERSONAL
Nombre de persona Mondolfo, Augusta A. de.
9 (RLIN) 82146
700 1# - ENTRADA AGREGADA--NOMBRE PERSONAL
Nombre de persona Mondolfo, Rodolfo.
9 (RLIN) 82147
852 ## - LOCALIZACIÓN
Ubicación ES-MaACL
Número de control de estantería L-4177-8
Sublocalización o colección R.104796
Holdings
Estatus retirado Estado de pérdida Estado de daño No para préstamo Biblioteca de origen Biblioteca actual Ubicación en estantería Fecha de adquisición Fuente de adquisición Total de préstamos Signatura topográfica completa Código de barras Visto por última vez Precio de reemplazo Tipo de ítem Koha
        Biblioteca del Ateneo de Madrid Biblioteca del Ateneo de Madrid Depósito 2 17/01/2008     L-4177-8 1082379 23/02/2023 23/02/2023 Libro impreso